000 00585nam a2200229Ia 4500
003 OSt
005 20220918175437.0
006 a|||||r|||| 00| 0
007 ta
008 220917b |||||||| |||| 00| 0 eng d
024 _a17,310
037 _cTextual
040 _aARTS
_cARTS
_beng
041 _2eng
_aeng
082 _aO:1L89x, F9
100 _aIngoldsby Thomas
_953934
245 0 _aIngoldsby legends or mirth and marvels
260 _c1929
650 _aENGLISH LITERATURE
942 _hO:1L89x, F9
_cTEXL
_2CC
999 _c157484
_d157484